[Event "ICS rated bullet match"]
[Site "204.178.125.65"]
[Date "2000.03.28"]
[Round "?"]
[White "Dfile"]
[Black "Hossa"]
[Result "1/2-1/2"]
[WhiteElo "1764"]
[BlackElo "2404"]
[PlyCount "56"]

1. d4 d5 2. Bf4 c5 3. dxc5 Nf6 4. h3 e6 5. c3 Bxc5 6. e3 Nc6 7. Nf3 O-O 8. Nbd2
Ne4 9. Nxe4 dxe4 10. Nd2 e5 11. Bh2 Bf5 12. Bb5 Re8 13. Bxc6 bxc6 14. O-O Qd3
15. Nb3 Bb6 16. Re1 Rad8 17. Qb1 Re7 18. Rf1 Bg6 19. Rd1 Qxd1+ 20. Qxd1 Rxd1+
21. Rxd1 f6 22. Kf1 Bf7 23. Kg1 Bg6 24. Kf1 Bf7 25. Kg1 Bg6 26. Kf1 Bf7 27. Kg1
Bg6 28. Kf1 Bf7 1/2-1/2

[Event "ICS rated blitz match"]
[Site "204.178.125.65"]
[Date "2000.03.28"]
[Round "?"]
[White "Ricely"]
[Black "Hossa"]
[Result "1/2-1/2"]
[WhiteElo "2040"]
[BlackElo "2382"]
[PlyCount "71"]

1. d4 d5 2. c4 e6 3. Nc3 Nf6 4. cxd5 exd5 5. Bg5 Be7 6. e3 O-O 7. Bd3 c6 8. Qc2
Nbd7 9. Nf3 Kh8 10. O-O Kg8 11. Rab1 Re8 12. b4 h6 13. Bh4 a6 14. a4 a5 15. b5
c5 16. dxc5 Nxc5 17. Be2 Nfe4 18. Bxe7 Rxe7 19. Nxe4 Nxe4 20. Nd4 Bd7 21. Rbc1
Rc8 22. Qb2 Re8 23. Rfd1 Qh4 24. Bf3 Rc4 25. Rxc4 dxc4 26. g3 Qe7 27. Qc2 Nd6
28. Ne2 Bf5 29. Qc3 Qc7 30. Nd4 Bh3 31. Ne2 Bf5 32. Nd4 Bh3 33. Ne2 Bf5 34. Nd4
Bh3 35. Ne2 Bf5 36. Nd4 1/2-1/2

[Event "ICS rated blitz match"]
[Site "204.178.125.65"]
[Date "2000.03.28"]
[Round "?"]
[White "Hossa"]
[Black "Ricely"]
[Result "1-0"]
[WhiteElo "2370"]
[BlackElo "2052"]
[PlyCount "61"]

1. e4 c5 2. Nf3 e6 3. d4 cxd4 4. Nxd4 Nc6 5. Nb5 d6 6. c4 Nf6 7. N5c3 b6 8. Be3
Bb7 9. Nd2 Be7 10. Be2 O-O 11. O-O Rc8 12. Qc2 d5 13. cxd5 exd5 14. exd5 Nb4
15. Qa4 Nbxd5 16. Nxd5 Nxd5 17. Nc4 Nxe3 18. Nxe3 Bc5 19. Qxa7 Bc6 20. Rfd1 Qf6
21. Bg4 Rce8 22. b4 Bd4 23. Rab1 Re7 24. Qa6 Rfe8 25. Nf5 Bxf2+ 26. Kxf2 g6 27.
Rd6 Qg5 28. Nxe7+ Rxe7 29. Rxc6 Qxg4 30. Qc8+ Kg7 31. Qxg4 1-0

[Event "ICS rated blitz match"]
[Site "204.178.125.65"]
[Date "2000.03.28"]
[Round "?"]
[White "Hossa"]
[Black "Ricely"]
[Result "1/2-1/2"]
[WhiteElo "2378"]
[BlackElo "2044"]
[PlyCount "75"]

1. d4 d5 2. c4 c6 3. Nf3 e6 4. Nc3 dxc4 5. e4 b5 6. Be2 Nf6 7. Bg5 Qc7 8. e5
Nd5 9. O-O h6 10. Bh4 Bb7 11. a4 Nxc3 12. bxc3 a6 13. Qd2 Nd7 14. Qb2 Nb6 15.
Rfb1 Nd5 16. Bxc4 bxc4 17. Qxb7 Qxb7 18. Rxb7 Nxc3 19. Kf1 a5 20. Rc7 Nd5 21.
Rxc6 c3 22. h3 Bb4 23. Rc4 Kd7 24. Rb1 Nb6 25. Rxc3 Bxc3 26. Rxb6 Rhb8 27. Rd6+
Ke8 28. d5 exd5 29. Rxd5 Rb4 30. Rc5 Bd4 31. Rd5 Bc3 32. Rc5 Bd4 33. Rd5 Bc3
34. Rc5 Bd4 35. Rd5 Bc3 36. Rc5 Bd4 37. Rd5 Bc3 38. Rc5 1/2-1/2

[Event "ICS rated bullet match"]
[Site "204.178.125.65"]
[Date "2000.03.28"]
[Round "?"]
[White "Hossa"]
[Black "Tinker"]
[Result "1-0"]
[WhiteElo "2389"]
[BlackElo "2330"]
[PlyCount "179"]

1. e4 e5 2. Nf3 Nc6 3. Nc3 d6 4. Bb5 a6 5. Bxc6+ bxc6 6. d4 Qe7 7. dxe5 dxe5 8.
Bg5 f6 9. Be3 Bg4 10. O-O Qb4 11. Rb1 Qb7 12. a3 Bd7 13. Ne1 O-O-O 14. Nd3 Be6
15. Qf3 Bd6 16. b4 h5 17. Qg3 Rd7 18. Qg6 Bc4 19. Nc5 Bxc5 20. bxc5 Qa8 21.
Rfd1 Re7 22. Rb4 Be6 23. Qg3 h4 24. Qf3 h3 25. g3 Bd7 26. Rdb1 a5 27. R4b2 Nh6
28. Bxh6 gxh6 29. Qxf6 Rhh7 30. Qg6 Reg7 31. Qh5 Rg5 32. Qf3 Rg8 33. Qf6 Re8
34. Qg6 Reh8 35. Qh5 Re7 36. Qe2 Be6 37. Qf3 Rd8 38. Qf6 Rde8 39. Qxe5 Qa7 40.
Rb8+ Qxb8 41. Rxb8+ Kxb8 42. Qh5 Rh8 43. f4 Bc8 44. e5 Be6 45. Ne4 Kb7 46. Nf6
a4 47. g4 Rd8 48. Qxh6 Rd1+ 49. Kf2 Rd2+ 50. Kg3 Rxc2 51. Qf8 Rf7 52. Qe8 Rc3+
53. Kh4 Bc4 54. Kg5 Re3 55. f5 Rg7+ 56. Kh6 Rf7 57. g5 Rf3 58. g6 Rxf5 59. gxf7
Bxf7 60. Qxf7 Rxe5 61. Qc4 Re3 62. Qb4+ Ka6 63. Qxa4+ Kb7 64. Qf4 Rd3 65. Kg7
Kb8 66. Kf7 Kb7 67. a4 Rd8 68. Qe3 Rh8 69. Qd3 Rh4 70. a5 Ka7 71. Qg3 Rb4 72.
Qxh3 Ka6 73. Qc8+ Kb5 74. a6 Ra4 75. Qb7+ Kxc5 76. a7 Rxa7 77. Qxa7+ Kc4 78. h4
Kb4 79. Qxc7 c5 80. Qxc5+ Kxc5 81. h5 Kd4 82. h6 Ke3 83. h7 Kf2 84. h8=Q Ke3
85. Qh3+ Kd4 86. Qb3 Ke5 87. Qb4 Kf5 88. Qd4 Kg5 89. Qe4 Kh6 90. Qf4# 1-0

[Event "ICS rated bullet match"]
[Site "204.178.125.65"]
[Date "2000.03.28"]
[Round "?"]
[White "Hossa"]
[Black "Jack-Daniels"]
[Result "0-1"]
[WhiteElo "2402"]
[BlackElo "2606"]
[PlyCount "102"]

1. c4 e6 2. Nc3 d5 3. d4 Nf6 4. Bg5 Nbd7 5. Nf3 c6 6. e4 dxe4 7. Nxe4 Bb4+ 8.
Nc3 O-O 9. a3 Bxc3+ 10. bxc3 Qa5 11. Qc2 e5 12. Bxf6 Nxf6 13. dxe5 Ng4 14. Bd3
Nxe5 15. Bxh7+ Kh8 16. Be4 Nxf3+ 17. Bxf3 Bf5 18. Qb2 Rfe8+ 19. Kf1 Bd3+ 20.
Kg1 Qe5 21. h4 Re7 22. c5 Qxc5 23. Rh3 Rae8 24. Qd2 Bf5 25. Rg3 Rd7 26. Qb2 Qe5
27. Bh5 Qf6 28. Qb4 Re4 29. Qf8+ Kh7 30. Bf3 Rxh4 31. Rf1 Qh6 32. Rh3 Bxh3 33.
gxh3 Rxh3 34. Be4+ g6 35. Qxh6+ Kxh6 36. Rc1 Rh4 37. Bf3 Ra4 38. Kg2 Rxa3 39.
c4 Rdd3 40. Rh1+ Kg5 41. Be2 Rd2 42. Re1 Kf4 43. Kg1 Raa2 44. Kf1 a5 45. f3 a4
46. Kf2 Rxe2+ 47. Kf1 Rxe1+ 48. Kxe1 a3 49. c5 Rb2 50. Kf1 a2 51. Kg1 a1=Q# 0-1

[Event "ICS rated bullet match"]
[Site "204.178.125.65"]
[Date "2000.03.28"]
[Round "?"]
[White "SexyMoves"]
[Black "Hossa"]
[Result "0-1"]
[WhiteElo "1712"]
[BlackElo "2394"]
[PlyCount "40"]

1. c4 e5 2. g3 Nf6 3. Bg2 c6 4. Nc3 d5 5. cxd5 cxd5 6. d4 exd4 7. Qxd4 Nc6 8.
Qa4 d4 9. Ne4 Nxe4 10. Bxe4 Bb4+ 11. Bd2 Bxd2+ 12. Kxd2 Bd7 13. Qb3 Qe7 14. Bg2
Na5 15. Qd3 Qb4+ 16. Kd1 Nc4 17. Rb1 Nxb2+ 18. Rxb2 Qxb2 19. Nf3 Ba4+ 20. Ke1
Qc1+ 0-1

[Event "ICS rated bullet match"]
[Site "204.178.125.65"]
[Date "2000.03.28"]
[Round "?"]
[White "Hossa"]
[Black "ravingloony"]
[Result "1-0"]
[WhiteElo "2395"]
[BlackElo "2347"]
[PlyCount "85"]

1. e4 d6 2. d4 Nf6 3. Bd3 Nc6 4. Nf3 Bg4 5. d5 Ne5 6. Nc3 Bxf3 7. gxf3 Ng6 8.
Bb5+ Nd7 9. Bg5 a6 10. Ba4 h6 11. Bd2 e5 12. dxe6 fxe6 13. f4 Qf6 14. Bxd7+
Kxd7 15. Qg4 h5 16. Qg3 h4 17. Qg4 Ne7 18. O-O-O Re8 19. e5 Qf5 20. Qe2 Kc8 21.
Rhg1 d5 22. Kb1 Nc6 23. Be3 Kb8 24. f3 Bb4 25. Rxg7 Bxc3 26. bxc3 Na5 27. Rdg1
Nc4 28. Qf2 b6 29. Rd7 Rd8 30. Re7 Rde8 31. Rgg7 Rxe7 32. Rxe7 Rg8 33. Bc1 h3
34. Qe2 Rg2 35. Qd3 Rxh2 36. Qxf5 exf5 37. Rf7 Re2 38. Rxf5 h2 39. Rh5 Kb7 40.
Rh6 Re1 41. Rxh2 Nd2+ 42. Rxd2 Rxc1+ 43. Kxc1 1-0

[Event "ICS rated blitz match"]
[Site "204.178.125.65"]
[Date "2000.03.28"]
[Round "?"]
[White "BigThunder"]
[Black "Hossa"]
[Result "0-1"]
[WhiteElo "2051"]
[BlackElo "2388"]
[PlyCount "76"]

1. e4 e5 2. Nf3 Nc6 3. Bc4 Nf6 4. d3 Be7 5. O-O O-O 6. Bb3 d5 7. exd5 Nxd5 8.
Re1 Bg4 9. h3 Bxf3 10. Qxf3 Nd4 11. Qd1 Nxb3 12. axb3 Bc5 13. Nd2 f6 14. Ne4
Bb6 15. Qf3 Qd7 16. Bd2 Rad8 17. Nc3 Nb4 18. Qd1 Nc6 19. Na4 Bd4 20. Be3 Bxe3
21. Rxe3 Qe7 22. Qd2 Nd4 23. Rae1 Nf5 24. R3e2 g6 25. Qc3 Nd4 26. Re4 Rf7 27.
Nc5 b6 28. Na6 c5 29. b4 Qb7 30. Qc4 cxb4 31. Nxb4 a5 32. Na2 b5 33. Qc5 Rc7
34. Qa3 Nxc2 35. Qxa5 Ra8 36. Qd2 Rxa2 37. Rc1 Rxb2 38. d4 Qxe4 0-1

[Event "ICS rated bullet match"]
[Site "204.178.125.65"]
[Date "2000.03.28"]
[Round "?"]
[White "JSBach"]
[Black "Hossa"]
[Result "0-1"]
[WhiteElo "2008"]
[BlackElo "2409"]
[PlyCount "162"]

1. e4 e5 2. Bc4 Nf6 3. Nf3 Nxe4 4. d3 Nf6 5. Nxe5 d5 6. Bb3 Bd6 7. d4 Nbd7 8.
Bf4 Nxe5 9. dxe5 Qe7 10. Qd4 Bc5 11. Qd3 Ng4 12. O-O c6 13. Qc3 Bb4 14. Qd4 O-O
15. h3 Bc5 16. Qc3 g5 17. Bxg5 Qxg5 18. Qxc5 Nh6 19. Qe3 Qxe3 20. fxe3 Re8 21.
Rf6 Kg7 22. Nc3 Rxe5 23. Rf3 Nf5 24. Raf1 Be6 25. Nd1 c5 26. g4 Nh4 27. R3f2 h5
28. Rh2 Rg5 29. Nc3 hxg4 30. hxg4 Rxg4+ 31. Kf2 d4 32. Bxe6 fxe6 33. Nd1 Rf8+
34. Ke2 Rxf1 35. Kxf1 Nf5 36. Ke2 dxe3 37. Nxe3 Nxe3 38. Kxe3 e5 39. c3 b6 40.
Rd2 Kf6 41. Kf3 Ra4 42. a3 Kf5 43. Ke3 Re4+ 44. Kf3 Rg4 45. Ke3 Rg3+ 46. Kf2
Rh3 47. Kg2 Rh7 48. Rf2+ Ke6 49. Rd2 e4 50. Kg3 Ke5 51. Rd8 Rg7+ 52. Kf2 Rf7+
53. Ke2 Kf4 54. c4 Rh7 55. Rf8+ Ke5 56. Rf2 Kd4 57. a4 Kxc4 58. Ke3 Re7 59. Re2
Kb3 60. Kf4 a6 61. Re1 Kxb2 62. Ke3 Ka3 63. Rb1 Re6 64. Ra1+ Kb2 65. Rh1 Kb3
66. Ra1 c4 67. a5 bxa5 68. Rxa5 c3 69. Ra1 Kb2 70. Rd1 c2 71. Rf1 c1=Q+ 72.
Rxc1 Kxc1 73. Kf2 Kd2 74. Kg3 Rg6+ 75. Kf4 Rg5 76. Kxe4 a5 77. Kd4 a4 78. Kc4
a3 79. Kb3 Rg4 80. Kxa3 Kc2 81. Ka2 Ra4# 0-1

[Event "ICS rated blitz match"]
[Site "204.178.125.65"]
[Date "2000.03.28"]
[Round "?"]
[White "Hossa"]
[Black "x13"]
[Result "1-0"]
[WhiteElo "2392"]
[BlackElo "2119"]
[PlyCount "81"]

1. e4 e5 2. Nf3 Nc6 3. Bb5 a6 4. Ba4 Nf6 5. O-O Nxe4 6. d4 Be7 7. Re1 f5 8.
Bxc6 dxc6 9. Nxe5 O-O 10. c3 Kh8 11. Nd2 Nf6 12. Qb3 Qd5 13. Nxc6 Qxc6 14. Rxe7
b5 15. Nf3 Bb7 16. Bg5 Ne4 17. Bf4 Rac8 18. Be5 Rg8 19. Qf7 Qh6 20. Rxc7 Rxc7
21. Bxc7 Ng5 22. Nxg5 Qxg5 23. Bg3 Be4 24. Rd1 h5 25. h4 Qg4 26. Re1 Rc8 27. a3
Rc6 28. d5 Rf6 29. Qe8+ Kh7 30. Qd7 Qg6 31. Qe7 Bxd5 32. Qd8 Be4 33. Qd4 Qg4
34. Qd2 Rg6 35. Qd8 f4 36. Rxe4 Qf5 37. Rxf4 Qb1+ 38. Kh2 Qf1 39. Qe8 b4 40.
Rf8 a5 41. Rh8# 1-0

[Event "ICS rated blitz match"]
[Site "204.178.125.65"]
[Date "2000.03.28"]
[Round "?"]
[White "Tinker"]
[Black "Hossa"]
[Result "0-1"]
[WhiteElo "2317"]
[BlackElo "2394"]
[PlyCount "164"]

1. e4 e5 2. Nf3 Nc6 3. d4 exd4 4. Nxd4 Nf6 5. Nxc6 bxc6 6. Nc3 Bb4 7. Qd4 Qe7
8. f3 c5 9. Qe3 O-O 10. Bc4 Bxc3+ 11. bxc3 a5 12. Rb1 d6 13. O-O Be6 14. Bxe6
fxe6 15. Qg5 Qf7 16. e5 Nd7 17. exd6 cxd6 18. Rb7 Rfb8 19. Rxb8+ Rxb8 20. Rd1
d5 21. Ba3 a4 22. c4 h6 23. Qd2 d4 24. Qa5 Qf4 25. Qxa4 Qc7 26. c3 e5 27. cxd4
exd4 28. Qa6 Re8 29. Bc1 Nf8 30. Ba3 Re2 31. Qa8 Qe7 32. h3 Qe3+ 33. Kh2 Rxa2
34. Qd5+ Ne6 35. Bc1 Qe2 36. Rd2 Rxd2 37. Bxd2 Kf7 38. Ba5 Kg6 39. Bb6 d3 40.
Ba5 Nd4 41. Kg3 d2 42. Bxd2 Qxd2 43. Qd6+ Kh7 44. Qxc5 Qe3 45. Kg4 Qf2 46. Qd5
Qxg2+ 47. Kf4 Qh2+ 48. Ke4 Nc2 49. Qf5+ Kg8 50. Kd3 Qe2+ 51. Kxe2 Nd4+ 52. Kd3
Nxf5 53. Ke4 Ng3+ 54. Kf4 Nf1 55. c5 Kf7 56. Ke5 Ke7 57. f4 Ng3 58. c6 Ne2 59.
h4 h5 60. f5 Ng1 61. Kf4 Kd6 62. Ke3 Nh3 63. Kf3 Kxc6 64. Kg3 Kd6 65. Kxh3 Ke5
66. Kg3 Ke4 67. Kf2 Kf4 68. Ke2 Kg3 69. Ke3 Kxh4 70. Kf2 Kg4 71. Kg1 Kxf5 72.
Kh2 g5 73. Kh1 g4 74. Kh2 h4 75. Kh1 g3 76. Kg2 Kg4 77. Kg1 Kf3 78. Kf1 g2+ 79.
Ke1 g1=Q+ 80. Kd2 Qc5 81. Kd3 Qb4 82. Kc2 Ke3 0-1

[Event "ICS rated blitz match"]
[Site "204.178.125.65"]
[Date "2000.03.28"]
[Round "?"]
[White "Hossa"]
[Black "Tinker"]
[Result "1-0"]
[WhiteElo "2407"]
[BlackElo "2304"]
[PlyCount "121"]

1. e4 e5 2. Nf3 Nc6 3. Nc3 a6 4. d3 d6 5. Be3 Be6 6. Be2 Rc8 7. d4 exd4 8. Nxd4
Nxd4 9. Bxd4 c5 10. Be3 Nf6 11. Bd3 Ng4 12. Bd2 Qf6 13. O-O Qe5 14. g3 Qh5 15.
h4 Be7 16. Be2 Qg6 17. Nd5 Bxd5 18. exd5 Ne5 19. Re1 O-O 20. Bh5 Qf5 21. f4 Qh3
22. Re3 Nc4 23. Bg4 Nxe3 24. Bxh3 Nxd1 25. Bxc8 Rxc8 26. Rxd1 Bf6 27. c3 Re8
28. f5 g6 29. Bf4 gxf5 30. Bxd6 Rc8 31. Kf2 c4 32. Bf4 Rd8 33. d6 Kg7 34. d7
Be7 35. Bc7 Rf8 36. d8=Q Bxd8 37. Rxd8 Rxd8 38. Bxd8 Kh6 39. Bc7 b5 40. Ke3 Kg6
41. Kd4 Kf6 42. Kc5 Ke6 43. Kb6 Kd7 44. h5 a5 45. Bf4 b4 46. Kxa5 b3 47. axb3
cxb3 48. Kb4 Kc6 49. c4 Kb6 50. Kxb3 Kc6 51. Kc3 Kd7 52. c5 Kc6 53. Kc4 f6 54.
b4 Kb7 55. b5 Ka7 56. b6+ Ka6 57. Bc7 Kb7 58. Kb5 h6 59. c6+ Kc8 60. Kc5 f4 61.
Kd6 1-0

[Event "ICS rated blitz match"]
[Site "204.178.125.65"]
[Date "2000.03.28"]
[Round "?"]
[White "Tinker"]
[Black "Hossa"]
[Result "1-0"]
[WhiteElo "2293"]
[BlackElo "2418"]
[PlyCount "93"]

1. e4 e5 2. Nf3 Nc6 3. Nc3 Nf6 4. Bb5 Bb4 5. Bxc6 bxc6 6. a3 Bxc3 7. dxc3 Nxe4
8. Nxe5 Qe7 9. Qd4 Nxc3 10. Qxc3 f6 11. O-O fxe5 12. Re1 O-O 13. Rxe5 Qf7 14.
Be3 d6 15. Ra5 c5 16. b4 c4 17. Bd4 c6 18. Rg5 g6 19. Ra5 a6 20. Re1 Bg4 21.
Rg5 Bf5 22. Rg3 Rae8 23. Rf3 Rxe1+ 24. Qxe1 Qd5 25. c3 Qf7 26. Re3 Bd7 27. Qf1
Bf5 28. Qe2 Bg4 29. f3 Bf5 30. Re7 Bd3 31. Qe3 h5 32. Qg5 Re8 33. Rxf7 Re1+ 34.
Kf2 Re2+ 35. Kg3 Kxf7 36. Qf6+ Ke8 37. Qxd6 h4+ 38. Kxh4 Rxg2 39. Qxc6+ Ke7 40.
Bc5+ Kd8 41. Qd6+ Kc8 42. Qe6+ Kc7 43. Bd6+ Kb6 44. Be5+ Kb7 45. Qd7+ Ka8 46.
Qc8+ Ka7 47. Qb8# 1-0

[Event "ICS rated blitz match"]
[Site "204.178.125.65"]
[Date "2000.03.28"]
[Round "?"]
[White "Hossa"]
[Black "Hirug"]
[Result "1-0"]
[WhiteElo "2396"]
[BlackElo "2345"]
[PlyCount "89"]

1. Nf3 Nf6 2. g3 d5 3. Bg2 c5 4. d4 e6 5. e3 Nc6 6. O-O Be7 7. Nc3 O-O 8. Bd2
a6 9. Ne5 Nxe5 10. dxe5 Nd7 11. f4 b5 12. a3 Bb7 13. Qe2 Qc7 14. Rfc1 Nb6 15.
b3 Rad8 16. a4 b4 17. Nd1 c4 18. a5 Nd7 19. bxc4 dxc4 20. Bxb7 Qxb7 21. Rab1
Rc8 22. Bxb4 Bxb4 23. c3 Nc5 24. Rxb4 Qd5 25. Rxc4 Nd3 26. Rxc8 Rxc8 27. Ra1
Nc5 28. Rb1 g6 29. Rb6 Ne4 30. Rxa6 Nxc3 31. Nxc3 Rxc3 32. g4 Rc1+ 33. Kf2 Qh1
34. Kg3 Rg1+ 35. Kh3 h5 36. gxh5 Qe4 37. Rb6 Qf5+ 38. Kh4 g5+ 39. fxg5 Qxg5+
40. Kh3 Qf5+ 41. Kh4 Qxe5 42. Rb5 Qg7 43. Qf3 f5 44. Qa8+ Kh7 45. Rb7 1-0

[Event "ICS rated blitz match"]
[Site "204.178.125.65"]
[Date "2000.03.28"]
[Round "?"]
[White "Hirug"]
[Black "Hossa"]
[Result "0-1"]
[WhiteElo "2331"]
[BlackElo "2410"]
[PlyCount "94"]

1. d4 Nf6 2. c4 e6 3. Nc3 Bb4 4. e3 O-O 5. Bd3 d5 6. Nge2 c5 7. cxd5 cxd4 8.
Nxd4 exd5 9. O-O Nc6 10. Nce2 Ne5 11. Bf5 Bxf5 12. Nxf5 Rc8 13. Bd2 Bxd2 14.
Qxd2 Re8 15. Rac1 Ne4 16. Qd4 Qd7 17. Neg3 Nxg3 18. Nxg3 Nc6 19. Qf4 d4 20.
exd4 Nxd4 21. h4 Ne6 22. Qg4 Rxc1 23. Rxc1 Qd2 24. Rf1 Qxb2 25. h5 Qxa2 26. Nf5
Qd2 27. g3 Qc2 28. Re1 Qc3 29. Re3 Qc1+ 30. Kh2 Qb2 31. Rf3 Qd2 32. Nh4 Nd4 33.
Rf4 Rd8 34. h6 g6 35. Qg5 Ne6 36. Qf6 Rf8 37. Re4 Qxh6 38. Kg2 Qg5 39. Rxe6
Qd5+ 40. Kh2 fxe6 41. Qb2 b5 42. Ng2 Qh5+ 43. Kg1 Qd1+ 44. Kh2 Rf5 45. Nf4 a5
46. Kg2 g5 47. Nh5 Qxh5 0-1

[Event "ICS rated blitz match"]
[Site "204.178.125.65"]
[Date "2000.03.28"]
[Round "?"]
[White "Tinker"]
[Black "Hossa"]
[Result "1-0"]
[WhiteElo "2304"]
[BlackElo "2433"]
[PlyCount "149"]

1. e4 e5 2. Nf3 Nc6 3. Bc4 Bc5 4. d3 Nf6 5. Ng5 O-O 6. Nd2 Bb6 7. Nxf7 Rxf7 8.
Bxf7+ Kxf7 9. Nc4 Kg8 10. Nxb6 axb6 11. O-O d5 12. c3 dxe4 13. dxe4 Qxd1 14.
Rxd1 Be6 15. f3 Rxa2 16. Rxa2 Bxa2 17. Be3 Bb3 18. Rd2 Kf7 19. Kf2 Na5 20. Rd8
Nc4 21. Rc8 Ne8 22. Bc1 b5 23. Ke2 Ke7 24. Kd3 Bd1 25. Rb8 Ned6 26. Rh8 h6 27.
Ra8 g5 28. h3 Kf6 29. Rh8 Kg7 30. Ra8 c6 31. Ra7 Kf6 32. Ra8 b6 33. Rh8 Kg7 34.
Ra8 Kg6 35. Rg8+ Kh7 36. Ra8 Nf7 37. b4 Nfd6 38. Ra7+ Kg6 39. Rc7 Kh5 40. Rxc6
Kh4 41. Be3 Kg3 42. Bxb6 Kxg2 43. Bc5 Nb2+ 44. Kd2 Ndc4+ 45. Kc1 Bxf3 46. Rxh6
Nd3+ 47. Kb1 Bxe4 48. Ka1 Nf4 49. h4 g4 50. Bd6 g3 51. Bb8 Kh2 52. Ra6 g2 53.
Ba7 g1=Q+ 54. Bxg1+ Kxg1 55. Ra7 Ne2 56. Ka2 Kh2 57. h5 Nxc3+ 58. Kb3 Ne2 59.
Ra2 Bd3 60. h6 Kg3 61. Rxe2 Bf5 62. Ra2 Be4 63. Ra7 Bg6 64. Rg7 Nd2+ 65. Ka2
Kf4 66. Rxg6 Kf5 67. Ra6 Ne4 68. h7 Nc3+ 69. Ka3 Nb1+ 70. Kb2 Nd2 71. h8=Q Nc4+
72. Kc3 Kg4 73. Rf6 e4 74. Qg7+ Kh4 75. Rh6# 1-0

[Event "ICS rated blitz match"]
[Site "204.178.125.65"]
[Date "2000.03.28"]
[Round "?"]
[White "Hossa"]
[Black "Tinker"]
[Result "1-0"]
[WhiteElo "2411"]
[BlackElo "2326"]
[PlyCount "139"]

1. e4 e5 2. Nf3 Nc6 3. Nc3 d6 4. Bb5 a6 5. Bxc6+ bxc6 6. d4 exd4 7. Nxd4 c5 8.
Nf3 Ne7 9. O-O Qd7 10. e5 Bb7 11. exd6 cxd6 12. Re1 Rd8 13. Ng5 Qc6 14. Qg4 h6
15. Nf3 Qd7 16. Qf4 Rh7 17. Nd2 h5 18. Nde4 Qe6 19. Qd2 Rh8 20. a4 c4 21. Ng5
Qf5 22. Qe2 d5 23. Nd1 Qg6 24. Ra3 Bc8 25. Nf3 Bf5 26. Nh4 Qh7 27. Nxf5 Qxf5
28. Re3 Rd7 29. Re5 Qg6 30. Ne3 Kd8 31. Rd1 Qc6 32. Rd4 f6 33. Rxh5 Rg8 34. a5
g6 35. Rh7 Bg7 36. g3 f5 37. Rd1 Qc5 38. Ng2 Qd6 39. Bg5 Bf6 40. Bf4 Qc6 41.
Be5 Re8 42. Nf4 Bxe5 43. Qxe5 Rd6 44. Rg7 Nc8 45. Qd4 Ne7 46. Re1 Rd7 47. Qb6+
Qxb6 48. axb6 Nc6 49. Rxd7+ Kxd7 50. Rxe8 Kxe8 51. Nxg6 Kd7 52. h4 d4 53. Nf4
Nd8 54. f3 Kc6 55. g4 fxg4 56. fxg4 Kxb6 57. g5 Nf7 58. g6 Nh6 59. h5 Kc6 60.
Kf2 Kd6 61. Ng2 a5 62. Ne1 a4 63. Kg3 c3 64. Nd3 Ke7 65. bxc3 dxc3 66. Kf4 Kf8
67. Kg5 Ng8 68. h6 Ne7 69. Nc5 a3 70. Ne6+ 1-0

[Event "ICS rated blitz match"]
[Site "204.178.125.65"]
[Date "2000.03.28"]
[Round "?"]
[White "PostModernist"]
[Black "Hossa"]
[Result "1-0"]
[WhiteElo "2596"]
[BlackElo "2423"]
[PlyCount "99"]

1. d4 d5 2. Nf3 Nf6 3. e3 e6 4. Bd3 c5 5. O-O c4 6. Be2 Nc6 7. Nbd2 Bd6 8. c3
b5 9. Qc2 O-O 10. e4 Nxe4 11. Nxe4 dxe4 12. Qxe4 Bb7 13. Ng5 g6 14. Qh4 h5 15.
g4 Qe7 16. gxh5 f6 17. Ne4 g5 18. Qg4 e5 19. d5 Nd8 20. Rd1 Bc8 21. Qg2 Bf5 22.
Nxd6 Qxd6 23. h4 Rf7 24. hxg5 fxg5 25. Bxg5 Rg7 26. h6 Rg6 27. Bh5 Be4 28. Qg3
Bc2 29. Rd2 Nf7 30. Bxg6 Qxg6 31. Be3 Qxg3+ 32. fxg3 Bd3 33. a4 Rd8 34. axb5
Rxd5 35. Rxa7 Rxb5 36. Rf2 Bg6 37. Rf6 Kh7 38. Raxf7+ Bxf7 39. Rxf7+ Kg8 40.
h7+ Kh8 41. Bg5 Rb6 42. Kf2 Rxb2+ 43. Kf3 Rb6 44. Kg4 Rg6 45. Kf5 Rg7 46. Bf6
Kxh7 47. Rxg7+ Kh8 48. Rg4+ Kh7 49. Bxe5 Kh6 50. Rh4# 1-0

[Event "ICS rated blitz match"]
[Site "204.178.125.65"]
[Date "2000.03.28"]
[Round "?"]
[White "samu"]
[Black "Hossa"]
[Result "0-1"]
[WhiteElo "2115"]
[BlackElo "2414"]
[PlyCount "50"]

1. e4 e5 2. Nf3 Nc6 3. Bb5 a6 4. Ba4 Nf6 5. O-O Be7 6. Re1 b5 7. Bb3 O-O 8. c3
d5 9. exd5 Nxd5 10. Nxe5 Nxe5 11. Rxe5 c6 12. d4 Bd6 13. Re1 Qh4 14. g3 Qh3 15.
Re4 g5 16. a4 Bf5 17. Re1 Bg4 18. Qd3 Rae8 19. Rxe8 Rxe8 20. Be3 Bxg3 21. Bxd5
Bxh2+ 22. Kh1 cxd5 23. Nd2 Bf4+ 24. Kg1 Qh2+ 25. Kf1 Qh1# 0-1

[Event "ICS rated blitz match"]
[Site "204.178.125.65"]
[Date "2000.03.28"]
[Round "?"]
[White "Hossa"]
[Black "QueenMaxima"]
[Result "0-1"]
[WhiteElo "2419"]
[BlackElo "2476"]
[PlyCount "164"]

1. c4 Nf6 2. Nc3 c5 3. Nf3 e6 4. g3 b6 5. Bg2 Bb7 6. O-O Be7 7. d3 d5 8. cxd5
Nxd5 9. Nxd5 Bxd5 10. Bf4 O-O 11. Re1 Nd7 12. e4 Bb7 13. Qd2 f6 14. Qc2 e5 15.
Qc4+ Rf7 16. Be3 Bd6 17. Bh3 Nf8 18. Bg4 Bc8 19. Bxc8 Rxc8 20. Rac1 Qc7 21. b4
cxb4 22. Qd5 Bc5 23. d4 exd4 24. Nxd4 Rd8 25. Qb3 a6 26. Nf5 Ng6 27. Nd4 Rc8
28. Ne6 Qe7 29. Qd5 Ne5 30. Red1 Nd7 31. Rc4 Qe8 32. Bf4 g5 33. Bc7 Nf8 34.
Nxc5 Rcxc7 35. Nd3 Rcd7 36. Qc6 Qd8 37. Qc8 Qxc8 38. Rxc8 Rd4 39. Nb2 Rxe4 40.
Nc4 Re2 41. Ra1 Rb7 42. Ne3 Rd7 43. Rb8 a5 44. Rxb6 Rdd2 45. Ng4 Rxa2 46. Rxa2
Rxa2 47. Nxf6+ Kg7 48. f4 Ra1+ 49. Kf2 Ra2+ 50. Kg1 gxf4 51. gxf4 Ra3 52. Nd5
b3 53. Rb7+ Kh8 54. f5 a4 55. Nc3 b2 56. f6 Rxc3 57. Rxb2 Nd7 58. f7 Kg7 59.
Rf2 Rc6 60. Rf4 Ra6 61. Rd4 a3 62. Rd1 a2 63. Ra1 Kf8 64. Kf2 Nc5 65. Kg3 Kxf7
66. h4 Nb3 67. Rf1+ Ke6 68. Re1+ Kd5 69. Kf4 a1=Q 70. Rxa1 Rxa1 71. h5 Rg1 72.
h6 Rg6 73. Ke3 Rxh6 74. Kf3 Rh3+ 75. Kg2 Rc3 76. Kg1 h5 77. Kg2 h4 78. Kf2 Rg3
79. Ke2 Ke4 80. Kf2 Kd3 81. Kf1 Ke3 82. Ke1 Rg1# 0-1

[Event "ICS rated blitz match"]
[Site "204.178.125.65"]
[Date "2000.03.28"]
[Round "?"]
[White "Hossa"]
[Black "KyFats"]
[Result "1-0"]
[WhiteElo "2406"]
[BlackElo "2563"]
[PlyCount "135"]

1. e4 c5 2. Nf3 e6 3. d4 cxd4 4. Nxd4 Nf6 5. Nc3 d6 6. Be3 a6 7. f3 b5 8. Qd2
Bb7 9. O-O-O Nbd7 10. g4 h6 11. h4 b4 12. Nce2 d5 13. Bh3 Ne5 14. g5 Nc4 15.
Qd3 Qa5 16. Kb1 hxg5 17. hxg5 dxe4 18. fxe4 Bxe4 19. Qxc4 Bd5 20. Nc6 Bxc4 21.
Nxa5 Bxe2 22. Bg2 Bxd1 23. Rxh8 Bxc2+ 24. Kxc2 Rc8+ 25. Bc6+ Nd7 26. Bd2 f5 27.
Kb1 b3 28. Bb4 bxa2+ 29. Kxa2 Kf7 30. Bxd7 Bxb4 31. Rxc8 Bxa5 32. Rc6 Bd8 33.
Rxa6 Kg6 34. Bxe6 Kxg5 35. Bf7 Bf6 36. b4 f4 37. Ra5+ Kg4 38. Bg6 Be7 39. Kb3
Bd8 40. Rd5 Bc7 41. Kc4 Kh4 42. Kc5 f3 43. b5 f2 44. Bd3 Kg4 45. Kc6 Bb8 46. b6
g6 47. b7 Ba7 48. Rd6 Bb8 49. Rf6 g5 50. Rxf2 Kh4 51. Rf8 Be5 52. Rd8 g4 53.
Rd6 g3 54. b8=Q Bxd6 55. Kxd6 Kh3 56. Qh8+ Kg2 57. Bf1+ Kxf1 58. Qa1+ Kf2 59.
Qd4+ Kf3 60. Ke5 g2 61. Qg1 Ke2 62. Ke4 Kd2 63. Kd4 Kc2 64. Qxg2+ Kb3 65. Qh2
Kb4 66. Qb2+ Ka4 67. Kc5 Ka5 68. Qa2# 1-0

[Event "ICS rated blitz match"]
[Site "204.178.125.65"]
[Date "2000.03.28"]
[Round "?"]
[White "KyFats"]
[Black "Hossa"]
[Result "1-0"]
[WhiteElo "2540"]
[BlackElo "2429"]
[PlyCount "135"]

1. e4 e5 2. Nf3 Nc6 3. Bc4 Nf6 4. d3 Be7 5. O-O O-O 6. Bb3 d5 7. exd5 Nxd5 8.
h3 Qd6 9. Na3 Qd7 10. Nc4 Bd6 11. Re1 Re8 12. Rb1 Nb6 13. Nxd6 cxd6 14. Be3 d5
15. Bc5 Re6 16. Qe2 Qd8 17. c3 f5 18. Bxb6 axb6 19. c4 Nd4 20. Nxd4 exd4 21.
Qf3 Rxe1+ 22. Rxe1 dxc4 23. Bxc4+ Kh8 24. Qd5 Bd7 25. Qf7 Bc6 26. Qxf5 Qf6 27.
Qxf6 gxf6 28. Re6 Rg8 29. f3 b5 30. Bb3 f5 31. Rd6 Re8 32. Kf2 Kg7 33. Rxd4 h5
34. Rf4 Kg6 35. g4 hxg4 36. fxg4 Rh8 37. gxf5+ Kg5 38. Kg3 b6 39. f6 Bd7 40.
h4+ Kh6 41. Rd4 Bf5 42. Rd5 Kg6 43. f7 b4 44. Rb5 Kf6 45. Rxb6+ Kg7 46. Rxb4
Rf8 47. a4 Rh8 48. Rf4 Bg6 49. Bc4 Rf8 50. a5 Rd8 51. Rg4 Kh6 52. a6 Rc8 53. a7
Rf8 54. Bd5 Bxf7 55. Bxf7 Ra8 56. Ra4 Kg7 57. Bd5 Rd8 58. Rf4 Kh7 59. a8=Q Rxa8
60. Bxa8 Kg7 61. Be4 Kg8 62. Bd5+ Kg7 63. Rf7+ Kh8 64. Kg4 Kg8 65. Kf4 Kh8 66.
Kg5 Kg8 67. Kh6 Kh8 68. Rf8# 1-0